000
00321nam a22001337a 4500
008
150805t xxu||||| |||| 00| 0 eng d
020
_a
978-81-7622-220-4
082
_a
630
100
_a
Joseph F. Cox
_9
1010
245
_a
Crop Management & Soil Conservation
250
_a
Second Edition
300
_a
572
942
_2
ddc
_c
BK
999
_c
17280
_d
17280